Statistiques concernant ESTAC Troyes ou Stade de Reims ? Rivalités #5

Cliquez ici pour prendre le quiz!

Statistiques générales

  • Ce quiz a été pris 135 fois
  • Le résultat moyen est 11 sur 12

Statistiques - réponses

QuestionRéponse% Correct
Lequel joue en bleu ?ESTAC Troyes
99%
Lequel joue au Stade de l’Aube ?ESTAC Troyes
99%
Lequel a compter dans ses rangs Adil Rami, Djibril Sidibé et Blaise Matuidi ?ESTAC Troyes
99%
Lequel a déjà atteint été finaliste de la Ligue des Champions à deux reprises ?Stade de Reims
99%
Lequel a déjà remporté le championnat de France de Ligue 1 ?Stade de Reims
97%
Lequel est coaché par Will Still (2023/24)?Stade de Reims
97%
Lequel appartient au City Football Group ?ESTAC Troyes
96%
Lequel évolue en Ligue 1 cette saison (2023/2024)?Stade de Reims
96%
Lequel se situe dans le département numéro 10 ?ESTAC Troyes
95%
Lequel a le plus de participations en Coupe d’Europe ?Stade de Reims
95%
Lequel est le plus ancien ?Stade de Reims
88%
Lequel a déjà remporté la Coupe de France ?Stade de Reims
85%

Distribution des résultats

Percentile par nombre de réponses

% des personnes avec chaque résultat

Votre développement - résultats

Vous n’avez pas pris ce quiz